000 00289nam a22001337a 4500
008 170714b xxu||||| |||| 00| 0 eng d
020 _a9780534095468
041 _aeng
080 _a101
100 _a24
101 _aFJA
245 _aPROFESSIONAL ETHICS
_cBAYLES,M.D
942 _2udc
_cBK
999 _c20722
_d20722